00530nam a22001577a 450000500170000002000260001703500130004303700170005608200080007310000240008124501020010525000120020726000460021927000840026530000230034920170801142741.0 a9789350359532c795.00 aB-667298 adpl bAakar  a000 aGupta, Vinay Kumar  aUniversal's guide to Delhi judicial service : cby Vinay Kumar Gupta bpreliminary examination /  a9th. ed aGurgaon bUniversal Law Publishing c2017 a14th Floor, Building No.10, Tower-B, DLF Cyber City, Phase-IIbGurgaon e122002 av,857p.c25cm(pbk)